A. Wahab Ali, (Abdul Wahab Ali), 1941- (Record no. 155981)

MARC details
000 -LEADER
fixed length control field 00753nam a2200229 i 4500
001 - CONTROL NUMBER
control field C2-0181534
003 - CONTROL NUMBER IDENTIFIER
control field PPAK
005 - DATE AND TIME OF LATEST TRANSACTION
control field 20180728095337.0
008 - FIXED-LENGTH DATA ELEMENTS--GENERAL INFORMATION
fixed length control field 981029s1994 my |||| ||||| | zxx d
040 ## - CATALOGING SOURCE
Original cataloging agency PPAK
Language of cataloging eng
Transcribing agency PPAK
Description conventions rda
082 04 - DEWEY DECIMAL CLASSIFICATION NUMBER
Classification number 928.9923
Edition number 23
090 00 - LOCALLY ASSIGNED LC-TYPE CALL NUMBER (OCLC); LOCAL CALL NUMBER (RLIN)
Classification number (OCLC) (R) ; Classification number, CALL (RLIN) (NR) 928.9923
Feature heading AWA
Feature heading KIH
245 00 - TITLE STATEMENT
Title A. Wahab Ali, (Abdul Wahab Ali), 1941-
Remainder of title winner of the S.E.A Write Award 1994
264 #1 - PRODUCTION, PUBLICATION, DISTRIBUTION, MANUFACTURE, AND COPYRIGHT NOTICE
Place of production, publication, distribution, manufacture Kuala Lumpur :
Name of producer, publisher, distributor, manufacturer Dewan Bahasa dan Pustaka ,
Date of production, publication, distribution, manufacture, or copyright notice 1994
300 ## - PHYSICAL DESCRIPTION
Extent 46 pages ;
Dimensions 22 cm
336 ## - CONTENT TYPE
Source rdacontent
Content type term text
337 ## - MEDIA TYPE
Source rdamedia
Media type term unmediated
338 ## - CARRIER TYPE
Source rdacarrier
Carrier type term volume
500 ## - GENERAL NOTE
General note At the head of title Malayasian Writer
650 10 - SUBJECT ADDED ENTRY--TOPICAL TERM
Topical term or geographic name entry element Authors, Malay - Authorship - Malaysia. ; Literary prizes - Asia, Southeast.
942 ## - ADDED ENTRY ELEMENTS (KOHA)
-- dc
Koha item type Book
Holdings
Withdrawn Not for loan Current library Shelving location Date acquired Full call number Barcode Date last seen Koha item type
  Not For Loan Perpustakaan Alor Setar Koleksi Ismail Hussein 29/10/1998 KIH 928.9923 AWA A00178207 01/06/2018 Book
  Not For Loan Perpustakaan Alor Setar Koleksi Ismail Hussein 26/05/2015 KIH 928.9923 AWA A00180679 01/06/2018 Book